000 00670nam a2200241Ia 4500
003 OSt
005 20221005115942.0
006 a|||||r|||| 00| 0
007 ta
008 221004b |||||||| |||| 00| 0 eng d
024 _a67778
037 _cTextual
040 _aCRL
_cCRL
_beng
041 _2eng
_aeng
082 _aX9F58:531tg:N72, L2
110 _aIndia, Tariff Commission.
245 0 _aContinuance of protection to the dye-intermediates industry, Bombay, 1972
_b Report
260 _c1972
650 _aECONOMICS
700 _aIndia, Tariff Commission.
942 _hX9F58:531tg:N72, L2
_cTEXL
_2cc
999 _c1036380
_d1036380